00608 2200229 4500001002100000005001500021035002000036007000300056008004100059082001400100084002000114100001800134245005700152260004400209300002900253650001500282650001000297650001000307650001000317856002800327990002300355INLIS00000000000661920230904025759 a0010-0923000003ta230904 0  a(03)658.3 a(03)658.3 TIM s1 aTIMPE, A.Dale1 aSeri Manajemen Sumberdaya Manusia Memotivasi Pegawai aJakarta :bElex Media Komputindo,c1991 a432p. :bilus ;c23,5 cm 4aMemotivasi 4aIklim 4aRiset 4aTeori aPerpustakaan BSIP Jatim a321/BSIPJATIM/2023